书目信息 |
| 题名: |
化工设备与维修
|
|
| 作者: | 王灵果 , 姜凤华 主编 | |
| 分册: | ||
| 出版信息: | 北京 化学工业出版社 2013.10 |
|
| 页数: | 192页 | |
| 开本: | 26cm | |
| 丛书名: | ||
| 单 册: | ||
| 中图分类: | TQ050.7 | |
| 科图分类: | ||
| 主题词: | 化工设备--维修--高等职业教育--教材 , 化工设备 | |
| 电子资源: | ||
| ISBN: | 978-7-122-18117-6 | |
| 000 | 00989nam0 2200277 450 | |
| 001 | 006220268 | |
| 005 | 20140610085728.53 | |
| 010 | @a978-7-122-18117-6@dCNY30.00 | |
| 100 | @a20130923d2013 em y0chiy0110 ea | |
| 101 | 0 | @achi |
| 102 | @aCN@b110000 | |
| 105 | @aak z 000yy | |
| 106 | @ar | |
| 200 | 1 | @a化工设备与维修@9hua gong she bei yu wei xiu@f王灵果,姜凤华主编 |
| 210 | @a北京@c化学工业出版社@d2013.10 | |
| 215 | @a192页@c图@d26cm | |
| 300 | @a国家级骨干高职院校建设规划教材 | |
| 330 | @a本书是根据专业人才培养方案,以本专业毕业生主要从事的设备维修、管理、制造、检验、安装、调试等岗位典型工作任务为载体,精心选取了储罐类容器的安全使用、换热器及其维修、塔器及其维修、反应釜及其维修四个项目。 | |
| 333 | @a高职 | |
| 606 | 0 | @a化工设备@x维修@x高等职业教育@j教材 |
| 606 | 0 | @a化工设备 |
| 690 | @aTQ050.7@v5 | |
| 701 | 0 | @a王灵果@9wang ling guo@4主编 |
| 701 | 0 | @a姜凤华@9jiang feng hua@4主编 |
| 801 | 0 | @aCN@b人天书店@c20130923 |
| 905 | @b846812-15@dTQ050.7@e234@f4 | |
| 化工设备与维修/王灵果,姜凤华主编.-北京:化学工业出版社,2013.10 |
| 192页:图;26cm |
| 国家级骨干高职院校建设规划教材.-使用对象:高职 |
| ISBN 978-7-122-18117-6:CNY30.00 |
| 本书是根据专业人才培养方案,以本专业毕业生主要从事的设备维修、管理、制造、检验、安装、调试等岗位典型工作任务为载体,精心选取了储罐类容器的安全使用、换热器及其维修、塔器及其维修、反应釜及其维修四个项目。 |
| ● |
| 相关链接 |
|
|
|
|
正题名:化工设备与维修
索取号:TQ050.7/234
 
预约/预借
| 序号 | 登录号 | 条形码 | 馆藏地/架位号 | 状态 | 备注 |
| 1 | 846812 | 208468120 | 第二样本阅览室/ [索取号:TQ050.7/234] | 在馆 | |
| 2 | 846813 | 208468139 | 第三借阅区/ [索取号:TQ050.7/234] | 在馆 | |
| 3 | 846814 | 208468148 | 第三借阅区/ [索取号:TQ050.7/234] | 在馆 | |
| 4 | 846815 | 208468157 | 密集书库-化学系/ [索取号:TQ050.7/234] | 在馆 |